000 01537nam0a2200313 4500
001 RU\NLR\bibl\1178531
005 20260406151741.0
010 _a978-5-17-044897-5
_bАСТ
010 _a978-5-9713-5741-4
_bАСТ Москва
010 _a978-5-9762-3845-9
_91500
_bХранитель
021 _aRU
_b2007-84481
_94555
035 _a(NLR Aleph) 001165164
090 _a1562363
_c1562363
100 _a20080122d2007 |||y0rusy50 ca
101 1 _arus
_cpol
102 _aRU
105 _ay |||||||||
200 1 _aСказки роботов
_e[сборник
_eперевод с польского]
_fС. Лем
210 _aМосква
_cАСТ [и др.]
_d2007
215 _a349,[1] с.
_d21
225 1 _aМировая классика
327 1 _aСодерж.: Сказки роботов: Сказка о трех машинах-рассказчиках короля Гениалона; Альтруизин, или Правдивое повествование о том, как отшельник Добриций Космос пожелал осчастливить и что из этого вышло; Блаженный; Повторение; Воспитание Цифруши; Верный робот (телевизионная пьеса)
686 _aШ6(4П)77-445.5{Лх1129-92}
700 1 _4070
_8rus
_7ca
_aЛем
_bС.
_f1921-2006
_gСтанислав
_3RU\NLR\auth\775492
_9115456
801 0 _aRU
_bNLR
_c20080122
_gRCR
801 1 _aRU
_bNLR
_c20080122
942 _cBOOK
980 _aNB